[Event "Candidates Tournament"]
[Site "Berlin"]
[Date "2018.03.15"]
[Round "5"]
[White "Aronian, Levon"]
[Black "Grischuk, Alexander"]
[Result "1/2-1/2"]
[WhiteElo "2794"]
[BlackElo "2767"]
[Annotator "Fernandez,D"]
[PlyCount "83"]
[EventDate "2018.03.10"]
[EventType "tourn"]
[EventRounds "14"]
[EventCountry "GER"]
[EventCategory "22"]
[SourceTitle "CBM 184"]
[Source "ChessBase"]
[SourceDate "2018.05.16"]
[SourceVersion "1"]
[SourceVersionDate "2018.05.16"]
[SourceQuality "1"]

1. d4 Nf6 2. c4 g6 3. f3 c5 4. d5 d6 5. e4 e6 6. Nc3 exd5 7. cxd5 Bg7 8. Nge2
Nbd7 9. Ng3 h5 10. Be2 Nh7 11. Bf4 {This is a new try for Aronian, however it
also doesn't seem to bring him an advantage.} (11. Be3 {was an older move
played by Aronian.} h4 12. Nf1 O-O 13. Qd2 Re8 14. Bh6 Bd4 $1 15. Ne3 $5 a6 $1
{Now, it is important to cover the b5-square for its own sake, and not just
because a pawn wants to go there.} (15... g5 $6 16. Nf5 Ne5 17. Ng7 Re7 18. Nh5
f6 19. Nb5 $1 $40 {was pointed out by the annotations of the time as a reason
why the b5-square was important}) 16. Nc2 (16. a4 $6 g5 17. Nf5 Ne5 18. Ng7 Re7
19. Nh5 f6 $1 {is now good for Black, whose minor pieces are not in any
trouble at all, while the same cannot be said for White.}) 16... Be5 17. Bf4 $1
{White had to escape with his bishop. However, now Black has acheived the
desired advance.} b5 $11 {Aronian,L-Li,C Geneva 2017}) 11... Qe7 12. Qd2 h4 13.
Nf1 g5 14. Be3 Ne5 15. g3 (15. Bf2 $5 {is positionally well motivated, but it
kind of encourages an active move that perhaps White was not that keen on
seeing:} f5 $1 $132) 15... Bd7 {Not a bad move, but Black has to be more on
guard here.} (15... g4 $5 16. f4 Nf3+ 17. Bxf3 gxf3 18. e5 $13 {would have
been a great mess.}) (15... Bh3 $5 {was the move Aronian expected, but maybe
here his} 16. f4 {is still strong:} Ng6 17. e5 gxf4 18. Bb5+ Kf8 19. gxf4 $44)
16. gxh4 {A good practical decision, because Black's most natural reply is no
good.} (16. f4 {was suggested in the Spanish commentary, and it seems a more
accurate order than the one used in the game if Black has to take. However,}
Ng6 $1 (16... gxf4 17. gxf4 {is dangerous, since e5 is coming next}) 17. e5
gxf4 18. gxf4 dxe5 {and now White has to play ever more incisive moves to stay
in the opening battle:} 19. f5 $1 Bxf5 20. d6 Qd8 21. O-O-O $132) 16... gxh4 $6
(16... g4 $3 {was the unexpected extra option that kept Black fighting for
opening success.} 17. f4 Nf3+ 18. Bxf3 gxf3) 17. Rg1 $1 (17. f4 {was possible,
as in the note to move 16. Black is in considerable trouble following} Ng4 18.
e5 $3 $14 {since eventually d6 must give way, possibly following Ne4 or Nc4
from White.}) 17... f5 (17... Ng6 {could have been the lesser evil, and after}
18. f4 {perhaps the depressing pawn sacrifice} Bd4 19. Bxd4 cxd4 20. Qxd4 Qf6
21. Qxf6 Nxf6 $14) 18. f4 $1 Ng4 19. e5 $1 {The centre is now cracked open by
force and Black is already close to dead.} dxe5 (19... O-O-O 20. e6 $16 {
is not something any sane GM would sign up for.}) 20. d6 Qe6 (20... Qf6 $5 {
at least cuts out Nb5 and almost obliges White to sacrifice a second pawn.} 21.
Nd5 (21. Nb5 exf4 22. Bxf4 O-O $1 $13 {is now just as hard to play with White
as with Black.}) 21... Qxd6 22. O-O-O Rd8 $5 23. h3 Bc6 $16 {Black is still in
trouble, but the point is up for grabs due to the sheer mess in the position
and the lack of a d6-pawn for White.}) 21. Nb5 {Now White trivially wins an
exchange, and the d-pawn remains alive. The former is the least of Black's
worries, but the latter is a matter for grave concern.} Rc8 (21... O-O 22. Nc7
Qf7 23. h3 $1 Nxe3 24. Nxe3) 22. Nc7+ {Aronian pondered this move for a
considerable length of time, possibly trying to recall to mind some fragment
of preparation done in the dim and distant past.} (22. Bxg4 {is also possible,
but is not as good:} fxg4 23. Nc7+ Rxc7 24. f5 $1 (24. dxc7 $2 exf4 $1 $17)
24... Qxf5 25. dxc7 {and now Black can keep the position messy with (inter
alia)} Nf6 $16) 22... Rxc7 23. dxc7 exf4 24. Rd1 $2 (24. O-O-O $3 {was the
winning move, as everyone and their dog (and its engine) knows by now.} fxe3
25. Nxe3 (25. Qxd7+ $4 Qxd7 26. Bb5 Bxb2+ $1 $19) 25... Bh6 (25... Qxe3 26.
Qxe3+ Nxe3 27. Rxg7 Nxd1 28. Bb5 $18) (25... Bd4 $6 {was what stopped Aronian
in his tracks, not noticing the next move:} 26. Nxf5 $18) 26. Bb5 $3 O-O $5 (
26... Bxb5 27. Qd8+ Kf7 28. Qxh8 Bxe3+ 29. Kb1 Bxg1 30. Qxh7+ Kf6 31. Qh8+ Kg5
32. c8=Q Qxc8 33. Qxc8 $18) 27. Bxd7 $1 Qxe3 28. Bxf5 Qxd2+ 29. Rxd2 $18) 24...
Ng5 (24... fxe3 $5 {is interesting, but more so for White.} 25. Qxd7+ $1 Qxd7
26. Bb5 Qxb5 27. c8=Q+ Kf7 28. Qxf5+ Ngf6 29. Qg6+ Ke6 30. Rg4 $3 $16) 25.
c8=Q+ Bxc8 26. Qd8+ Kf7 27. Qc7+ $6 {This is a really remarkable position and
close to impossible to play well for either side!} ({Objectively, White should
have played} 27. Qxg5 {whereupon there is a draw:} fxe3 28. Rxg4 fxg4 29. Qf4+
Qf6 30. Bc4+ $11) 27... Kg8 $2 (27... Qe7 $1 {It was Black's turn to find a
narrow path to an advantage.} 28. Bc4+ Kf6 $1 29. Qxe7+ (29. Qxf4 Nh3 $3 30.
Qd6+ (30. Rd6+ Be6 31. Rxe6+ Qxe6 32. Qxg4 Qxe3+ 33. Nxe3 fxg4 $17 {is almost
peaceful by comparison}) 30... Qxd6 31. Rxd6+ Ke5 $1 $15 {There is no mate and
Black emerges blinking with confusion from all the complications, but with a
significant plus to his name. And yes, after Rd5+ Black is obliged to dive
deeper with ...Ke4.}) 29... Kxe7 30. Bxc5+ Ke8) (27... Kg6 {is vaguely
playable as well - the point is that the c8-bishop is protected by a rook,
unlike in the game continuation.} 28. Rd6 Be5 (28... fxe3 29. Bxg4 fxg4 30.
Rxg4 $1 $16) 29. Rxe6+ Bxe6 30. Qxb7 fxe3 $44 {Black gets excellent
compensation, particularly of the practical variety.}) 28. Rd6 $1 {Suddenly
White is winning again.} Qf7 29. Qd8+ $2 (29. Qxc8+ {is the obvious move, but
a little more calculation brings you to the critical position. The press room
was pretty unanimous that Aronian reached it but didn't see move 31.} Kh7 30.
Qxc5 Ne4 {and now it's important to notice} 31. Rxg4 $3 {which wins on the
spot! For instance,} Nxc5 32. Rxh4+ Kg8 33. Rd8+ Bf8 34. Rxh8+ Kxh8 35. Bxc5
$18) 29... Qf8 30. Bxf4 Ne6 $1 31. Bc4 $1 (31. Qxf8+ Kxf8 32. Bd2 Bd4 $17)
31... Qxd8 32. Rxd8+ Kh7 (32... Kf7 $6 33. Rxc8 Rxc8 34. h3) 33. Rxh8+ Bxh8 34.
Bd6 (34. Bb8 $1 $11) 34... Ng5 35. Rg2 Ne4 (35... b6 $15 {is maybe the
simplest move in the position, bringing Black's 4th minor piece fully into the
struggle. White faces an uphill task trying to draw this.}) 36. Bb8 Bd4 37. h3
Ne5 38. Bd5 {It is impossible to not make minor inaccuracies even here.} (38.
Bxe5 Bxe5 39. Rg8 Bd7 40. Rd8 $11) 38... Nd3+ 39. Ke2 Nc1+ (39... Nxb2 {
is a clean pawn, though seeing this with less than a minute remaining is
non-trivial!} 40. Bg8+ Kh8 41. Bf7 Bd7 $1 $15) 40. Kd1 Nd3 41. Nd2 {On move 41,
White decides not to repeat, possibly thinking that Black still wanted to play
on.} Nf6 42. Bf3 (42. Bf3 Nf2+ 43. Ke1 Nxh3 44. Rh2 Ng5 45. Rxh4+ Kg6 $11 {
was the line mentioned in the press conference.}) 1/2-1/2

[Event "Candidates Tournament"]
[Site "Berlin"]
[Date "2018.03.23"]
[Round "11"]
[White "Aronian, Levon"]
[Black "Karjakin, Sergey"]
[Result "0-1"]
[WhiteElo "2794"]
[BlackElo "2763"]
[Annotator "Marin,M"]
[PlyCount "148"]
[EventDate "2018.03.10"]
[EventType "tourn"]
[EventRounds "14"]
[EventCountry "GER"]
[EventCategory "22"]
[SourceTitle "CBM 184"]
[Source "ChessBase"]
[SourceDate "2018.05.16"]
[SourceVersion "1"]
[SourceVersionDate "2018.05.16"]
[SourceQuality "1"]

1. c4 Nf6 2. Nf3 e6 3. g3 d5 4. Bg2 dxc4 ({Although the game started with an
English/Reti move order, it will soon transpose to the most popular Catalan
tabyia at the Candidates tournament, arising after} 4... Be7 5. d4 O-O 6. O-O
dxc4 7. Qc2 c6 $5 {This previously non-topical move was Karjakin's secret
weapon for the Candidates tournament.} 8. Qxc4 b5 9. Qb3 Bb7 {transposing back
to the game.}) 5. Qa4+ c6 6. Qxc4 b5 7. Qb3 (7. Qc2 {could transpose to
another Karjakin game from the Candidates, featuring a Catalan move order:} Bb7
8. O-O Be7 ({Actually, with the Reti move order Black could play more actively
with} 8... c5 {, so the game quoted below is of interest only for the Catalan
theory.}) 9. d4 O-O 10. Nbd2 c5 $1 {The best way of carrying out this pawn
break, taking advantage of the fact that b5 is not hanging.} (10... Nbd7 11.
Nb3 c5 12. Nxc5 $1 {In the main game White will not have this possibility.}
Nxc5 13. dxc5 Be4 14. Qb3 Bxc5 15. Qxb5 Qd5 {Tu,H (2506)-Pham,M (2358) Vung
Tau 2002 (1-0, 36) with only some compensation for Black.}) 11. dxc5 Na6 {
It will turn out that White cannot keep his extra pawn.} 12. Nb3 Be4 13. Qc3
Rc8 14. Be3 $146 (14. Qd4 Nxc5 15. Be3 Qxd4 16. Bxd4 Rfd8 17. Bxc5 Bxc5 18.
Rac1 Bb6 $11 {Narkun,M (2183)-Nicolenco,S (2126) LSS email 2010 (½-½, 40).
Black is well mobilised, preventing White from reaching one of the minimlly
better endings.}) 14... Nd5 15. Qd2 Bxf3 16. Bxf3 Nxe3 17. Qxe3 Nxc5 18. Nxc5
Bxc5 19. Qb3 Qb6 $11 {Caruana,F (2784)-Karjakin,S (2763) Berlin 2018 (½-½,
31) The game could well have ended in a draw here.}) 7... Bb7 8. O-O Be7 9. d4
O-O 10. Rd1 {The queen stands a bit better on b3 than on c2, as it keeps the
b5-pawn under observation, causing some problems with the thematic ...c6-c5.}
Nbd7 {The most flexible move.} 11. Ne5 ({This is a thematic move, but White
can also consider continuing the queenside development before moving forward
with his knight.} 11. Nc3 {Black can try deviating from the normal course with}
b4 (11... a6 12. Ne5 Nxe5 13. dxe5 Nd7 14. Bf4 Qc7 15. Ne4 Nc5 (15... Nxe5 16.
Bxe5 Qxe5 17. Rd7 $18) (15... c5 16. Nf6+ Bxf6 17. exf6 e5 18. fxg7 $16) 16.
Nxc5 Bxc5 17. Be4 Be7 18. Qf3 Rab8 19. Qg4 Rfd8 20. Bg5 Rxd1+ 21. Rxd1 Rd8 22.
Rxd8+ Qxd8 23. Bxe7 Qxe7 24. Qf3 Qd7 25. Qd3 Qxd3 26. exd3 $16 {Brynell,S 
(2486)-Rombaldoni,A (2459) Porto Carras 2011 (1-0, 36) with a very promising
ending for White.}) (11... Qb6 12. a4 bxa4 (12... b4 13. a5 $14) (12... a6 13.
Be3 Nd5 14. Bg5 $14) 13. Qc2 c5 14. Nxa4 Qc6 15. Ne1 Nd5 16. dxc5 (16. e4 Nb4
17. d5 $14) (16. Nc3 $14) 16... Nxc5 17. Nc3 Nb4 18. Bxc6 Nxc2 19. Bxb7 Nxa1
20. Bxa8 Rxa8 21. b4 Ncb3 $11 {Christiansen,J (2428)-Koziol,K (2172) Marianske
Lazne 2017 (½-½, 51)}) 12. Na4 Qa5 {for instance} 13. a3 c5 14. axb4 cxb4 15.
Bg5 {and White's advantage may be symbolic.}) ({Another logical developing
move is} 11. Bg5 {but Black seems to be doing fine:} Qb6 (11... h6 12. Bxf6
Nxf6 13. Nc3 Qb6 14. Ne5 Rfd8 15. e3 Nd7 16. Nxd7 Rxd7 17. Rac1 Rad8 18. Ne4
$16 {Adamski,J (2322)-Gasik,A (2217) Warsaw 2012 (½-½, 27)}) 12. Nc3 Rfd8 (
12... a5 {Adamski,J (2307)-Motyka,M (2359) Warsaw 2008 (0-1, 55)} 13. Bxf6 $5)
13. Rac1 a6 14. a4 Rac8 15. Bxf6 Bxf6 {Probably not bad, but offering White
some time.} (15... Nxf6 $11 16. e3 Nd7 17. Ne1 c5) (15... gxf6 $5) 16. Ne4 Be7
{0-1 (36) Grivas,E (2515)-Tsiamis,K (2282) Ermioni Argolidas 2005} 17. Ne1 $5 {
[%cal Ge2e3,Ge1d3]}) 11... Nxe5 12. dxe5 Nd7 13. Bf4 $146 ({White was
previously successful with} 13. Nc3 {but only because of Black's inaccurate
play.} Qc7 14. Bf4 Rfd8 15. Qc2 Qb6 $6 ({This wastes time.} 15... a6 $5 {
is more natural and better.}) 16. Ne4 c5 17. Bg5 $14 Bxg5 $6 18. Nxg5 Nf8 19.
Bxb7 Qxb7 20. Qxc5 $16 {Sargissian,G (2679)-Houska,J (2372) Douglas 2015 (1-0,
35)}) 13... Qc7 14. Nd2 Rfd8 15. Rac1 (15. Ne4 {is still worth a try, but
Black is better prepared against it than in the similar line from
Brynell-Rombaldoni above.} c5 16. Nf6+ Bxf6 17. exf6 e5 {now there is no time
for fxg7, as it does not attack the rook.} 18. Be3 Bxg2 19. Kxg2 Qc6+ 20. Qd5
Qxf6 21. Bxc5 Nxc5 22. Qxc5 a6 $11 {and White only has the optically more
pleasant position.}) 15... a6 ({The most solid move, but} 15... c5 $5 16. Qxb5
Bxg2 17. Kxg2 Rab8 {retrieves the pawn on b2.}) 16. Qe3 {White's main plan is
playing Ne4-d6 and creating a passed pawn with exd6 after the more or less
inevitable ...Bxd6. It would be optimal to keep all the rooks on the board in
order to have chances for a kingside attack, but apparently there is no way of
achieving the latter.} (16. Ne4 c5 17. Nd6 Bxg2 18. Kxg2 Nxe5 19. Bxe5 Bxd6 $17
) 16... c5 17. Bxb7 Qxb7 18. Ne4 {The culminating moment of White's plan. The
knight will inevitably get to d6. But Black will manage to exchange the
light-squared bishops and put his queenside majority into motion, with
adequate counterplay.} c4 19. h4 h6 20. Rd4 ({Once again reaching the optimal
goal with} 20. Nd6 Bxd6 21. exd6 $2 {loses the bishop to} e5 $1 $17) 20... Nf8
21. b3 (21. Nd6 Bxd6 22. exd6 $2 f6 $17 {once again wins material.}) 21... Rxd4
22. Qxd4 Rd8 23. Nd6 Bxd6 24. exd6 f6 $11 {White has created an advanced
passed pawn, but the c-pawn is just as strong. In fact, the bishop will soon
be restricted to defensive functions.} 25. Be3 e5 26. Qb2 Qc6 27. bxc4 bxc4 28.
Qb4 Rc8 29. f3 h5 30. Kf2 Kf7 31. Rd1 Nd7 32. Qb1 g6 33. g4 {This whole
kingside plan helps Black improve his structure.} Rh8 34. g5 f5 35. Qc2 Rc8 36.
Qc3 Ke6 37. Kg2 Qa4 38. Qd2 Qb5 39. a4 Qc6 40. Qc2 Rb8 41. Bd2 Rb3 42. Bc3 $2 {
Losing a pawn and gradually the game.} (42. a5 {would still have offered
chances for keeping the equality:} Kxd6 {Otherwise Bc3 consolidates.} 43. Bb4+
Kc7 44. Rd6 Qb5 45. Qd2 Rxb4 46. Rxd7+ Qxd7 47. Qxb4 Qc6 48. Qe7+ {with a draw
as the king cannot escape checks without losing the c-pawn.}) 42... Qxa4 43.
Ra1 Qc6 44. Ra5 Rb5 $17 {Black is perfectly coordinated now and the least he
could achieve is exchanging one of his pawns for the d6-pawn.} 45. Qa4 Nb6 46.
Qa1 Rxa5 47. Qxa5 Qb5 48. d7 $5 {Necessary as otherwise the pawn would be lost
for good.} Kxd7 49. Qa3 Nd5 50. Bxe5 {White seems to have obtained some
counter-attacking chances but Karjakin will play accurately as usual in such
situations.} Qc6 51. Qf8 Qe6 52. Qb8 c3 53. Qb7+ Ke8 54. Qb8+ Kf7 55. Qb7+ Ne7
{Such a knight is the best defender for the king.} 56. Bxc3 Qxe2+ {It is Black
who has an attack now.} 57. Kh3 ({Keeping the f3-pawn defended with} 57. Kg3 {
runs into} f4+ $1 58. Kxf4 $6 Qc4+) 57... Qb5 $3 $19 {Sort of trapping the
enemy queen. White cannot avoid either exchanging queens or losing f3 after ...
Qc6.} 58. Qc7 Qc6 59. Qe5 Qxf3+ 60. Kh2 Qf2+ 61. Kh1 {White could well have
resigned, of course.} (61. Kh3 f4 {[%cal Gf2e3,Gf2g3]} 62. Qg7+ Ke8 63. Qh8+
Kd7 $19) 61... Qxh4+ 62. Kg1 Qxg5+ 63. Kh2 Qh4+ 64. Kg1 Qe4 65. Qg7+ Ke6 66.
Bf6 Nd5 67. Bb2 f4 68. Kh2 Kf5 69. Qf8+ Kg5 70. Qd8+ Kg4 71. Qc8+ Kh4 72. Bg7
Qe2+ 73. Kh1 Qf3+ 74. Kh2 Qg3+ (74... Qg3+ 75. Kh1 Qe1+ 76. Kg2 Qe2+ 77. Kg1
Kg3) 0-1

[Event "Candidates Tournament"]
[Site "Berlin"]
[Date "2018.03.10"]
[Round "1"]
[White "Aronian, Levon"]
[Black "Ding, Liren"]
[Result "1/2-1/2"]
[WhiteElo "2794"]
[BlackElo "2769"]
[Annotator "Mekhitarian,K"]
[PlyCount "43"]
[EventDate "2018.03.10"]
[EventType "tourn"]
[EventRounds "14"]
[EventCountry "GER"]
[EventCategory "22"]
[SourceTitle "CBM 184"]
[Source "ChessBase"]
[SourceDate "2018.05.16"]
[SourceVersion "1"]
[SourceVersionDate "2018.05.16"]
[SourceQuality "1"]

1. c4 Nf6 2. Nc3 e6 3. e4 $1 {This is a good move order if your opponent
usually plays setups with ...Nf6 and ...e6. We now enter positions that don't
have a particular pattern, but are very independent from typical openings} d5
4. e5 (4. cxd5 $5 {is a different approach} exd5 5. e5 Ne4 6. Nf3 Be7 $5 {
the pawn sacrifice is interesting} (6... Bf5 7. Be2 Be7 8. O-O O-O 9. Qb3 Nc6
10. Nxd5 Bc5 11. Ne3 $1 $16 {1-0 (41) Matlakov,M (2714)-Santos Latasa,J (2567)
Minsk 2017}) 7. Qa4+ (7. Nxe4 dxe4 8. Qa4+ Nc6 9. Qxe4 Be6 $44) 7... Bd7 8. Qb3
Nc5 9. Qc2 Bg4 10. d4 Ne6 11. Be3 Bxf3 12. gxf3 c5 $1 $132 {1-0 (73)
Kryvoruchko,Y (2703)-Debashis,D (2518) Dubai 2018}) 4... d4 5. exf6 dxc3 6.
bxc3 Qxf6 {A lot has been investigated in this line recently} 7. d4 b6 (7... e5
$5 {is a concrete approach, tried by Aronian himself in 2014 against Grischuk.
This move is fine, but Black has to be precise.} 8. Nf3 Nc6 9. Bg5 Qg6 10. d5
Nb8 11. h4 h6 $1 {Karjakin didn't have problems against Anand with this move.}
(11... Nd7 $6 12. Bd3 e4 13. h5 Qf5 14. Rh4 $3 {and suddenly the black queen
is lost.} exd3 15. Rf4 $18 {1-0 (40) Grischuk,A (2792)-Aronian,L (2815)
Stavanger 2014}) 12. h5 Qa6 $1 $146 13. Be3 Nd7 14. Bd3 Ba3 15. O-O Qd6 16. Nh4
O-O {Black wants to achieve a strategically better position with ...Nf6 and ...
Bc5} 17. Nf5 Qf6 18. Ng3 Qh4 {and a repetition of moves was agreed:} 19. Nf5
Qf6 20. Ng3 Qh4 {½-½ (20) Anand,V (2782)-Karjakin,S (2760) London 2017}) 8.
h4 $5 $146 {As expected, Aronian starts to show aggression right from the
first round in the Candidates tournament. He will play Bg5 like in the line
with 8.Nf3, but in some cases here he may play Rh3 and the knight may go to e2
as well.} (8. Nf3 Bb7 9. Be2 Bd6 10. Qc2 $6 {makes Black's life easy.} Qg6 $1
11. Qxg6 hxg6 12. h3 Nd7 $11 {½-½ (45) Mager,D (2283)-Gustafsson,J (2640)
Germany 2018, with a comfortable endgame.}) 8... Bb7 9. Bg5 Qf5 10. Bd3 Qa5 11.
Kf1 $1 {A smart way to defend the g2-pawn and to run away from ...Qxc3+. The
position becomes very original after the last few moves, and it is not easy to
find a clear and safe plan for Black, he has so many development possibilities,
that it is hard to choose. I would say White's opening experiment is going
well so far.} Nc6 (11... Bd6 $5 {preparing ...Nd7 and ...0-0 was possible.})
12. Rb1 (12. Rh3 $5 f6 13. Bd2 O-O-O 14. a4 $1 {similar to the game, the queen
feels somewhat weird on a5. A sample line would be:} e5 15. c5 {[%csl Ra5]}
bxc5 16. d5 Ba6 (16... Rxd5 $4 17. c4 $18) 17. Rb1 $1 Bxd3+ 18. Rxd3 Qa6 19.
Qg4+ Rd7 20. Rb5) 12... f6 13. Bd2 O-O-O (13... Qa3 $5 {avoiding a4 was
interesting} 14. Qh5+ g6 15. Bxg6+ hxg6 16. Qxh8 Qxa2 17. Rd1 Qc2 $1 $44 {
with decent compensation for Black.}) 14. a4 $1 {Trying to make the black
queen look uncomfortable there on a5.} e5 15. c5 (15. Rh3 $5 exd4 16. cxd4 Bb4
{was Aronian's suggestion for Black after the game on the 15.Rh3 line. White
has an interesting sequence now:} 17. d5 Bxd2 18. Rb5 $1 Qa6 19. dxc6 Bxc6 20.
Qxd2 Qxa4 21. Rb1 Qxc4 22. Ne2 {and the position remains complex} (22. Bxc4 $6
Rxd2 {is just fine for Black})) 15... Bxc5 16. Rb5 Qa6 17. Rh3 Bxd4 $1 18. Be2
(18. cxd4 $2 Rxd4 19. Ne2 Qxa4 $17 {and Black has four pawns for the piece,
and can play this position for a win.}) 18... Rd6 $6 (18... Ba8 $1 {giving b7
for the queen - a very original move} 19. Nf3 (19. Rb2 Qb7 20. cxd4 Nxd4 $132)
(19. cxd4 Nxd4 20. Rb2 Nxe2 $132) 19... Qb7 20. cxd4 Nxd4 21. Rb2 {In any case,
I feel that Black's position is great after he takes on e2 and plays with the
opposite-coloured bishops.} Nxe2 $132) 19. Rb1 (19. Rb2 $1 {is the computer
suggestion, with advantage for White. During the press conference, Aronian
said he wasn't sure how to evaluate the position after Black's 21st move:} Qa5
20. cxd4 Qd5 21. dxe5 Nxe5 22. Nf3 $16 {Black has many interesting moves here,
like ...Re8 or ...Nd3.}) 19... Qa5 20. Rb5 Qa6 (20... Bxc3 {runs into a pretty
move (that both players mentioned in the press conference)} 21. Rd3 $1 Rxd3 22.
Bxd3 Ba6 23. Bxc3 Qxc3 24. Ne2 Qa3 25. Rb3 Qxa4 26. Bf5+ Kb8 27. Rxb6+ cxb6 28.
Qxa4 Bxe2+ 29. Kg1 $16) 21. Rb1 Qa5 22. Rb5 1/2-1/2